[Event "Titled Tuesday intern op 05th Dec Late"]
[Site "Chess.com INT"]
[Date "2023.12.05"]
[Round "9"]
[White "Erdogan, Anil Berk"]
[Black "Gabuzyan, Hovhannes"]
[Result "0-1"]
[WhiteElo "2091"]
[BlackElo "2579"]
[PlyCount "92"]
[EventDate "2023.12.05"]
[EventType "swiss (blitz)"]
[EventRounds "11"]
[EventCountry "USA"]
[SourceTitle "EXT 2025"]
[Source "ChessBase"]
[SourceDate "2024.10.14"]
[SourceVersion "1"]
[SourceVersionDate "2024.10.14"]
[SourceQuality "1"]

1. e4 c5 2. Nf3 e6 3. d4 cxd4 4. Nxd4 a6 5. Nc3 b5 6. a3 Bb7 7. g3 Nf6 8. Bg2 d6 9. 0-0 Nbd7 10. f4 Qc7 11. Be3 Be7 12. Qe2 h5 13. h3 g6 14. Rae1 Rc8 15. f5 gxf5 16. exf5 e5 17. Bxb7 Qxb7 18. Qf3 Qxf3 19. Nxf3 Rg8 20. Kf2 Rxc3 21. bxc3 Ne4+ 22. Kg2 Nxg3 23. Rf2 Ne4+ 24. Kf1 Nxf2 25. Kxf2 Nf6 26. Bg5 Kd7 27. Bxf6 Bxf6 28. Rd1 Rc8 29. Nd2 Rxc3 30. Ne4 Bh4+ 31. Ke2 Rxc2+ 32. Kf3 Rc6 33. f6 Ke6 34. Rg1 d5 35. Ng5+ Bxg5 36. Rxg5 Rc3+ 37. Kg2 d4 38. Rxh5 d3 39. Kf3 d2+ 40. Ke2 Rd3 41. Kd1 e4 42. Rh4 Ke5 43. Rg4 e3 44. Rg2 Rc3 45. Ke2 Rc1 46. Kxe3 d1Q 0-1

[Event "Titled Tuesday intern op 28th Nov Late"]
[Site "Chess.com INT"]
[Date "2023.11.28"]
[Round "9"]
[White "Annaberdiev, Meilis"]
[Black "Erdogan, Anil Berk"]
[Result "1-0"]
[WhiteElo "2471"]
[BlackElo "2091"]
[PlyCount "87"]
[EventDate "2023.11.28"]
[EventType "swiss (blitz)"]
[EventRounds "11"]
[EventCountry "USA"]
[SourceTitle "EXT 2025"]
[Source "ChessBase"]
[SourceDate "2024.10.14"]
[SourceVersion "1"]
[SourceVersionDate "2024.10.14"]
[SourceQuality "1"]

1. e4 c5 2. Nf3 g6 3. c3 Bg7 4. d4 cxd4 5. cxd4 d5 6. e5 Bg4 7. Bb5+ Nd7 8. Nbd2 e6 9. 0-0 Ne7 10. h3 Bxf3 11. Nxf3 a6 12. Bxd7+ Qxd7 13. Bf4 0-0 14. Qd2 Rac8 15. Bg5 f6 16. exf6 Bxf6 17. Bxf6 Rxf6 18. Ne5 Qd6 19. Rac1 Rff8 20. h4 Nc6 21. Nxc6 Rxc6 22. Rxc6 Qxc6 23. h5 Qe8 24. Re1 Rf5 25. h6 Qf7 26. Qe3 Rf6 27. Qe5 Qf8 28. Rc1 Qxh6 29. Rc8+ Rf8 30. Qxe6+ Kg7 31. Qe5+ Kg8 32. Qxd5+ Kg7 33. Qe5+ Kg8 34. Qe6+ Kg7 35. Qe7+ Kg8 36. Rxf8+ Qxf8 37. Qxf8+ Kxf8 38. f3 Ke7 39. Kf2 Ke6 40. Ke3 Kd5 41. b3 h5 42. f4 b5 43. g3 a5 44. Kd3 1-0

[Event "Titled Tuesday intern op 28th Nov Late"]
[Site "Chess.com INT"]
[Date "2023.11.28"]
[Round "1"]
[White "Erdogan, Anil Berk"]
[Black "Gao, Raymond"]
[Result "1-0"]
[WhiteElo "2091"]
[BlackElo "2001"]
[PlyCount "87"]
[EventDate "2023.11.28"]
[EventType "swiss (blitz)"]
[EventRounds "11"]
[EventCountry "USA"]
[SourceTitle "EXT 2025"]
[Source "ChessBase"]
[SourceDate "2024.10.14"]
[SourceVersion "1"]
[SourceVersionDate "2024.10.14"]
[SourceQuality "1"]

1. e4 c5 2. Nf3 Nc6 3. d4 cxd4 4. Nxd4 g6 5. c4 Bg7 6. Be3 Qb6 7. Nb3 Qd8 8. Nc3 Bxc3+ 9. bxc3 Nf6 10. Bd3 d6 11. f3 0-0 12. 0-0 Be6 13. c5 d5 14. Nd4 Ne5 15. Nxe6 fxe6 16. Bd4 Nc6 17. e5 Nd7 18. f4 Qa5 19. Qg4 Rf7 20. Rab1 Nxc5 21. Rb5 Nxd3 22. Rxa5 Nxa5 23. Qxe6 Nc6 24. Qxd5 Rd8 25. Qc4 Nb2 26. Qb3 Nd3 27. Qxb7 Nxd4 28. cxd4 Nxf4 29. g3 Ne2+ 30. Kg2 Nxd4 31. Rxf7 Kxf7 32. Qxa7 Nf5 33. Qa5 Rc8 34. Qd5+ Kg7 35. Qd7 Rc2+ 36. Kg1 Rxa2 37. g4 Ra1+ 38. Kf2 Ra2+ 39. Ke1 Ne3 40. Qxe7+ Kh6 41. Qh4+ Kg7 42. Qf6+ Kh6 43. Qf4+ g5 44. Qf6# 1-0

[Event "Titled Tuesday intern op 28th Nov Late"]
[Site "Chess.com INT"]
[Date "2023.11.28"]
[Round "2"]
[White "Paravyan, David"]
[Black "Erdogan, Anil Berk"]
[Result "1-0"]
[WhiteElo "2612"]
[BlackElo "2091"]
[PlyCount "73"]
[EventDate "2023.11.28"]
[EventType "swiss (blitz)"]
[EventRounds "11"]
[EventCountry "USA"]
[SourceTitle "EXT 2025"]
[Source "ChessBase"]
[SourceDate "2024.10.14"]
[SourceVersion "1"]
[SourceVersionDate "2024.10.14"]
[SourceQuality "1"]

1. e4 c5 2. Nf3 g6 3. d4 cxd4 4. Nxd4 Nc6 5. c4 Nf6 6. Nc3 d6 7. Be2 Nxd4 8. Qxd4 Bg7 9. Be3 0-0 10. Qd3 Qa5 11. 0-0 Be6 12. Bd4 Rfc8 13. b3 Nd7 14. Bxg7 Kxg7 15. f4 Qc5+ 16. Kh1 a6 17. f5 Ne5 18. Qd2 Bd7 19. Nd5 Re8 20. Nxe7 f6 21. Nd5 g5 22. Rad1 Rad8 23. b4 Qc6 24. Qd4 Qa4 25. Nxf6 Kxf6 26. Qxd6+ Kg7 27. f6+ Kf7 28. Bh5+ Ng6 29. Qd5+ Be6 30. Qxg5 Rxd1 31. Rxd1 Qxb4 32. Qh6 Kxf6 33. e5+ Kxe5 34. Qg5+ Bf5 35. Rd5+ Ke6 36. Qxf5+ Ke7 37. Rd7# 1-0

[Event "Titled Tuesday intern op 21st Nov Late"]
[Site "Chess.com INT"]
[Date "2023.11.21"]
[Round "11"]
[White "Espinoza Villanueva, Rodrigo"]
[Black "Erdogan, Anil Berk"]
[Result "1-0"]
[WhiteElo "1893"]
[BlackElo "2091"]
[PlyCount "177"]
[EventDate "2023.11.21"]
[EventType "swiss (blitz)"]
[EventRounds "11"]
[EventCountry "USA"]
[SourceTitle "EXT 2025"]
[Source "ChessBase"]
[SourceDate "2024.10.14"]
[SourceVersion "1"]
[SourceVersionDate "2024.10.14"]
[SourceQuality "1"]

1. d4 Nf6 2. c4 c5 3. d5 e6 4. Nc3 exd5 5. cxd5 d6 6. Bf4 a6 7. a4 g6 8. e3 Bg7 9. Nf3 0-0 10. h3 Ne8 11. Be2 Nd7 12. 0-0 Qe7 13. Nd2 Rb8 14. Nc4 Ne5 15. Na3 f5 16. Bh2 g5 17. f4 gxf4 18. exf4 Ng6 19. Nc4 b5 20. Na5 Bd7 21. axb5 axb5 22. Nc6 Qe3+ 23. Kh1 Rb7 24. Ra8 Bxc3 25. bxc3 Qxc3 26. Bh5 Nf6 27. Rxf8+ Kxf8 28. Bf3 b4 29. Qb1 b3 30. Rc1 Qd2 31. Rd1 Qc2 32. Qa1 Ne8 33. Qa8 Rc7 34. Qb8 b2 35. Re1 Rc8 36. Qb7 Rc7 37. Qb8 Qd3 38. Qxb2 c4 39. Rc1 Bxc6 40. dxc6 d5 41. Bg1 Rxc6 42. Qb4+ Rd6 43. Bc5 Ke7 44. Bxd6+ Nxd6 45. Re1+ Kd7 46. Qa4+ Kc7 47. Qa5+ Kc6 48. Rd1 Nxf4 49. Rxd3 cxd3 50. Qa4+ Kc5 51. Qxf4 Ne4 52. Bxe4 fxe4 53. Qd2 Kd4 54. Kg1 e3 55. Qb4+ Ke5 56. Kf1 d4 57. Ke1 Ke4 58. Qe7+ Kd5 59. Qf6 Kc4 60. Qc6+ Kb3 61. Qd5+ Kc3 62. Qc5+ Kb2 63. Qxd4+ Kc2 64. Qxe3 h5 65. Qd2+ Kb3 66. Qxd3+ Kb2 67. Qf3 h4 68. Qg4 Kc1 69. Qxh4 Kc2 70. Qe4+ Kc3 71. Qe2 Kb3 72. h4 Kc3 73. h5 Kb3 74. h6 Kb4 75. h7 Ka3 76. g4 Kb3 77. g5 Kb4 78. g6 Ka3 79. Kf2 Kb3 80. Kg2 Kb4 81. g7 Ka3 82. g8Q Ka4 83. Qg3 Ka5 84. Qee5+ Kb6 85. Qgf4 Kb7 86. Qff6 Kc8 87. Qe8+ Kc7 88. Qee7+ Kc8 89. Qff8# 1-0

[Event "Titled Tuesday intern op 14th Nov Late"]
[Site "Chess.com INT"]
[Date "2023.11.14"]
[Round "1"]
[White "Erdogan, Anil Berk"]
[Black "Desideri, Ricardo Maruchi"]
[Result "1-0"]
[WhiteElo "2091"]
[BlackElo "1959"]
[PlyCount "89"]
[EventDate "2023.11.14"]
[EventType "swiss (blitz)"]
[EventRounds "11"]
[EventCountry "USA"]
[SourceTitle "EXT 2025"]
[Source "ChessBase"]
[SourceDate "2024.10.14"]
[SourceVersion "1"]
[SourceVersionDate "2024.10.14"]
[SourceQuality "1"]

1. e4 Nc6 2. Nf3 g6 3. d4 Bg7 4. Bc4 e6 5. d5 Ne5 6. Nxe5 Bxe5 7. f4 Bg7 8. dxe6 fxe6 9. Nc3 Ne7 10. 0-0 0-0 11. f5 gxf5 12. Bg5 h6 13. Bh4 Qe8 14. exf5 Nxf5 15. Bf2 b6 16. Bb5 Bb7 17. Qxd7 Qg6 18. Bc6 Rf7 19. Qxf7+ Kxf7 20. Bxb7 Rd8 21. Be4 Bxc3 22. bxc3 Kg8 23. Rad1 Rd6 24. Bg3 Rxd1 25. Rxd1 Qg4 26. Rd8+ Kf7 27. Rd7+ Kf6 28. Bxf5 Qxf5 29. Rd3 Qc5+ 30. Bf2 Qc4 31. Bd4+ e5 32. Rf3+ Kg5 33. Bxe5 Qxa2 34. h4+ Kxh4 35. Rh3+ Kg4 36. Rg3+ Kf5 37. Bd4 Qb1+ 38. Kh2 Qxc2 39. Rf3+ Ke4 40. Rf7 c5 41. Re7+ Kd3 42. Bg7 Kc4 43. Bxh6 Qg6 44. Bf4 Qf5 45. Bg3 1-0

[Event "Titled Tuesday intern op 31st Oct Late"]
[Site "Chess.com INT"]
[Date "2023.10.31"]
[Round "2"]
[White "Erdogan, Anil Berk"]
[Black "Seo, Jung Min"]
[Result "0-1"]
[WhiteElo "2091"]
[BlackElo "2480"]
[PlyCount "50"]
[EventDate "2023.10.31"]
[EventType "swiss (blitz)"]
[EventRounds "11"]
[EventCountry "USA"]
[SourceTitle "EXT 2025"]
[Source "ChessBase"]
[SourceDate "2024.10.14"]
[SourceVersion "1"]
[SourceVersionDate "2024.10.14"]
[SourceQuality "1"]

1. e4 c5 2. Nf3 d6 3. Bb5+ Nd7 4. d4 cxd4 5. Qxd4 a6 6. Bxd7+ Bxd7 7. c4 e5 8. Qd3 h6 9. Nc3 Nf6 10. 0-0 Bc6 11. a4 Be7 12. b3 0-0 13. Ba3 Qa5 14. Rfd1 Rfd8 15. Nd5 Bxd5 16. cxd5 Nd7 17. Rdc1 Rdc8 18. Rc2 Rxc2 19. Qxc2 Nb6 20. Nxe5 Rc8 21. Nc4 Nxc4 22. bxc4 b5 23. axb5 axb5 24. Bb2 Qb4 25. Re1 Qxe1# 0-1

[Event "Titled Tuesday intern op 31st Oct Late"]
[Site "Chess.com INT"]
[Date "2023.10.31"]
[Round "1"]
[White "Lock, Gavin R"]
[Black "Erdogan, Anil Berk"]
[Result "0-1"]
[WhiteElo "2058"]
[BlackElo "2091"]
[PlyCount "68"]
[EventDate "2023.10.31"]
[EventType "swiss (blitz)"]
[EventRounds "11"]
[EventCountry "USA"]
[SourceTitle "EXT 2025"]
[Source "ChessBase"]
[SourceDate "2024.10.14"]
[SourceVersion "1"]
[SourceVersionDate "2024.10.14"]
[SourceQuality "1"]

1. e4 c5 2. Nf3 g6 3. c3 Bg7 4. d4 cxd4 5. cxd4 d5 6. e5 Bg4 7. Bb5+ Nd7 8. 0-0 e6 9. Nc3 Ne7 10. Be3 0-0 11. Be2 Nc6 12. Ne1 Bxe2 13. Nxe2 f6 14. f4 Qb6 15. Qd2 Rac8 16. Nf3 Na5 17. b3 Rc7 18. Rac1 Rfc8 19. Kf2 Nc6 20. g3 a5 21. Nc3 Nb4 22. Na4 Qb5 23. Kg1 Rc2 24. Qd1 Qd3 25. Qxd3 Nxd3 26. Rxc2 Rxc2 27. Ne1 Nxe1 28. Rxe1 Rxa2 29. Rc1 fxe5 30. dxe5 b5 31. Rc8+ Bf8 32. Nc5 Rc2 33. Rxf8+ Nxf8 34. Nd7 Nxd7 0-1

[Event "Titled Tuesday intern op 31st Oct Late"]
[Site "Chess.com INT"]
[Date "2023.10.31"]
[Round "3"]
[White "Stanojevic, Ilija"]
[Black "Erdogan, Anil Berk"]
[Result "1-0"]
[WhiteElo "2117"]
[BlackElo "2091"]
[PlyCount "59"]
[EventDate "2023.10.31"]
[EventType "swiss (blitz)"]
[EventRounds "11"]
[EventCountry "USA"]
[SourceTitle "EXT 2025"]
[Source "ChessBase"]
[SourceDate "2024.10.14"]
[SourceVersion "1"]
[SourceVersionDate "2024.10.14"]
[SourceQuality "1"]

1. d4 Nf6 2. c4 c5 3. d5 e6 4. Nc3 exd5 5. cxd5 d6 6. g3 g6 7. Bg2 Bg7 8. Nf3 0-0 9. 0-0 Na6 10. h3 Nc7 11. a4 b6 12. e4 Re8 13. Re1 Nd7 14. Bf4 Ne5 15. Nxe5 Bxe5 16. Bxe5 Rxe5 17. f4 Re8 18. e5 Bb7 19. Qf3 Qd7 20. Rad1 Rad8 21. Ne4 Qxa4 22. Nxd6 Rxd6 23. exd6 Rxe1+ 24. Rxe1 Nxd5 25. Qd1 Qc4 26. Bxd5 Bxd5 27. d7 Be6 28. d8Q+ Kg7 29. Q8d3 Qb4 30. Qc3+ 1-0